[Event "Skilling Open CCT KO 2021"]
[Site "Online"]
[Date "2020.11.29"]
[Round "1"]
[White "Carlsen, Magnus"]
[Black "So, Wesley"]
[Result "1-0"]
[WhiteElo "2881"]
[BlackElo "2741"]
[Annotator "TA"]
[PlyCount "85"]
[EventDate "2020.11.20"]
[EventType "k.o."]
[EventCountry "NET"]
[SourceTitle "playchess.com"]
[Source "ChessBase"]
[SourceQuality "1"]

{[%evp 11,85,22,22,22,26,-11,20,27,38,36,23,13,13,8,22,8,9,13,35,39,38,20,31,
31,27,22,30,9,13,5,10,0,3,0,0,0,25,36,21,19,33,32,58,62,51,33,39,41,33,33,33,
33,33,33,33,34,1489,1181,1064,1022,29982,29983,29983,29984,29984,29985,29985,
29986,29986,29987,29987,29988,29988,29989,29989,29990]} 1. d4 Nf6 2. c4 e6 3.
Nf3 d5 4. Nc3 c5 5. cxd5 cxd4 6. Qxd4 (6. Nxd4 Nxd5 7. Bd2 Be7 8. e4 Nxc3 9.
Bxc3 O-O 10. Be2 Qb6 11. O-O Rd8 12. Qb3 Na6 13. Qxb6 axb6 14. Bxa6 Rxa6 15. a3
Bd7 16. Rfd1 Kf8 17. Nc2 Raa8 18. Kf1 Bb5+ 19. Ke1 {1/2-1/2 (53) Carlsen,M 
(2863)-So,W (2770) chess24.com INT 2020}) 6... exd5 7. e4 {D41: Queen's Gambit
Declined: Semi-Tarrasch with 5 cxd5.} dxe4 8. Qxd8+ Kxd8 9. Ng5 {The position
is equal.} Be6 10. Nxe6+ fxe6 11. Bc4 $5 {[%mdl 4] A promising side line.} Ke7
12. O-O {White wants to play Re1.} Nbd7 {[#]} 13. Be3 $146 ({Predecessor:} 13.
Re1 Rc8 14. Bb3 Nc5 15. Be3 Nxb3 16. axb3 a6 17. Ra4 Kf7 18. Nxe4 Nxe4 19. Rxe4
{1/2-1/2 (75) L'Ami,E (2619)-Williams,S (2429) Douglas 2015}) 13... Rc8 14. Bb3
Nc5 15. Bxc5+ Rxc5 16. Rfe1 g6 17. Nxe4 Nxe4 18. Rxe4 e5 19. f4 Bg7 20. Rae1
Rf8 21. fxe5 Rf5 22. e6 Bxb2 23. Rd1 Rc7 24. g4 Rf8 25. Kg2 b5 26. Re2 Bc3 27.
Re3 {Threatens to win with Rd7+!} Bb4 28. Red3 a5 29. Rd7+ Rxd7 30. Rxd7+ $14 {
[%mdl 4096] Endgame KRB-KRB} Kf6 31. Rb7 a4 32. g5+ {[%mdl 64] [#] Decoy} Kxg5
33. Rxb5+ Rf5 $2 {[%mdl 8192] A mistake that costs the game.} (33... Kf6 $14)
34. Rxb4 $18 axb3 {[#] KR-KR} 35. e7 $1 {[%cal Re7e8]} bxa2 36. e8=Q {White
mates.} a1=Q {KQR-KQR} 37. Qe7+ Kh6 38. Rh4+ Rh5 39. Qf8+ Qg7 40. Qf4+ g5 41.
Qd6+ Qg6 42. Qf8+ Qg7 43. Rxh5+ {Weighted Error Value: White=0.04/Black=0.31}
1-0

[Event "Skilling Open CCT KO 2021"]
[Site "Online"]
[Date "2020.11.25"]
[Round "1.2"]
[White "Nakamura, Hikaru"]
[Black "Vachier-Lagrave, Maxime"]
[Result "1/2-1/2"]
[WhiteElo "2829"]
[BlackElo "2860"]
[Annotator "TA"]
[PlyCount "113"]
[EventDate "2020.11.20"]
[EventType "k.o."]
[EventCountry "NET"]
[SourceTitle "playchess.com"]
[Source "ChessBase"]
[SourceQuality "1"]

{[%evp 16,113,39,40,33,45,128,132,142,106,152,104,104,99,112,84,98,56,164,166,
149,162,155,106,137,138,138,126,126,133,195,196,183,108,98,85,105,98,107,89,
126,131,143,55,54,0,0,0,0,0,0,0,0,0,0,0,0,0,0,0,0,0,0,0,88,88,88,88,88,88,88,
88,88,88,88,88,183,183,183,8,8,8,8,8,8,8,8,8,8,-8,-8,-8,-8,-8,-8,-8,-8,-8,-8,
-8]} 1. d4 Nf6 2. c4 g6 3. Nc3 d5 4. Bf4 Bg7 5. e3 dxc4 6. Bxc4 O-O 7. Rc1 Nbd7
8. Nf3 c5 9. O-O cxd4 {D93: Grünfeld: 4 Nf3 Bg7 5 Bf4 0-0 6 e3.} 10. Nb5 {
[#] Threatens to win with Bc7.} (10. Nxd4 $2 e5 $19) 10... Nh5 $146 ({Black
should try} 10... Ne8 $14) ({Predecessor:} 10... Ne8 11. Nbxd4 Nd6 12. Bxd6
exd6 13. Qc2 Nb6 14. Be2 Bd7 15. h3 a6 16. Qb3 Re8 17. Qb4 {1/2-1/2 (49)
Keller,G-Bergmann,S DESC email 2011}) 11. Bc7 $16 (11. Nbxd4 Nxf4 12. exf4 Nb6
$15) 11... Qe8 {White is clearly better.} 12. exd4 (12. Nfxd4 a6 $16) 12... Bh6
13. Re1 {And now Nd6! would win.} Bxc1 14. Nd6 exd6 15. Rxe8 Rxe8 16. Qxc1 Nb6
(16... d5 $1 $14 17. Bd3 (17. Bxd5 Ndf6 $16) 17... Ndf6) 17. Bxb6 $18 ({Reject
} 17. Bxd6 $6 Nxc4 18. Qxc4 Be6 $11) 17... axb6 18. Ng5 $1 $36 {[%mdl 2048]
White is really pushing.} Re7 19. h3 Be6 20. Nxe6 fxe6 21. Qg5 Kf7 22. g4 $1 {
[%cal Rg4h5][%mdl 1024] White has strong compensation.} d5 (22... Rg8 $16 23.
Bb3 (23. gxh5 $2 gxh5 24. Qxg8+ Kxg8 $19) 23... d5) 23. Bd3 $1 ({But not} 23.
gxh5 $6 dxc4 24. d5 Rae8 $16) 23... Nf6 {[#]} 24. Qf4 (24. Qh6 $1 $18) 24...
Kg7 $16 25. Qe5 Kf7 26. a3 Rc8 27. Kg2 Rd8 28. a4 Ne4 29. f3 ({White should
play} 29. h4 $16) 29... Nd6 $1 $14 30. h4 (30. Qe1 $1 $14) 30... Ke8 $1 $11 31.
Qe1 Kd7 32. Qb4 Kc7 33. a5 bxa5 34. Qxa5+ Kc8 35. Kg3 Rf7 36. Be2 h5 37. Bd3
Rdf8 38. Qc3+ (38. Qc5+ {seems wilder.} Kd7 39. Bb5+ Nxb5 40. Qxb5+ Kc7 41.
Qc5+) 38... Kd7 $1 39. Bxg6 {[%mdl 64] Double Attack} Rxf3+ (39... Nb5 $11 40.
Qe3 Rxf3+ 41. Qxf3 Rxf3+ 42. Kxf3 hxg4+ 43. Kxg4 Ke7) 40. Qxf3 $16 Rxf3+ 41.
Kxf3 hxg4+ 42. Kxg4 $11 {[%mdl 4096] Endgame KB-KN} Nb5 43. h5 Ke7 44. Kg5 Nxd4
{With the idea ...Nf3+.} 45. h6 {h7 is the strong threat.} Nf3+ (45... Kf8 $16)
46. Kf4 $18 {aiming for h7.} Nh4 {[#]} 47. Bd3 $2 (47. Bb1 $1 $18 {Hoping for
h7.} Kf6 48. h7) 47... Kf6 $11 {The position is equal.} 48. h7 Kg7 49. Ke5 Nf3+
50. Kxe6 Ne1 51. Bf5 d4 52. Kd6 d3 53. Bxd3 Nxd3 54. Kc7 b5 {[#]} 55. b4 $1 {
[%mdl 512]} Nxb4 {( -> ...Nc2)} 56. Kb6 Kxh7 57. Kxb5 {Weighted Error Value:
White=0.15/Black=0.14} 1/2-1/2

[Event "Skilling Open CCT KO 2021"]
[Site "Online"]
[Date "2020.11.25"]
[Round "1.2"]
[White "Nepomniachtchi, Ian"]
[Black "Aronian, Levon"]
[Result "1-0"]
[WhiteElo "2778"]
[BlackElo "2778"]
[Annotator "TA"]
[PlyCount "117"]
[EventDate "2020.11.20"]
[EventType "k.o."]
[EventCountry "NET"]
[SourceTitle "playchess.com"]
[Source "ChessBase"]
[SourceQuality "1"]

{[%evp 15,117,20,10,5,18,13,12,-47,25,22,26,29,46,22,35,35,35,33,35,35,35,29,
31,33,40,32,28,25,50,51,345,333,295,299,306,289,302,300,289,283,374,375,385,
391,392,391,383,385,385,376,370,368,345,316,347,337,283,243,370,358,344,344,
391,344,328,232,232,232,232,232,232,232,232,232,232,232,424,393,1157,1054,
12804,57,12799,5654,5108,5100,2480,852,29970,29971,29970,29970,29969,29971,
29973,29975,29974,29976,29972,29972,29978,29980,29979,29977]} 1. e4 e5 2. Nf3
Nc6 3. Bc4 Bc5 4. c3 Nf6 5. d3 O-O 6. O-O d5 7. exd5 Nxd5 8. Re1 Bg4 9. h3 {
C54: Giuoco Piano: 4 c3 Nf6, main lines with 5 d4 and 5 d3.} Bh5 10. Nbd2 {
[%cal Bb1d2,Bd2e4,Be4g3][%mdl 32]} Nb6 11. Bb3 $1 {[%mdl 4] now scores much
better than the old 11.Bb5.} (11. b4 $11 Be7 12. g4) 11... Kh8 (11... Qxd3 $15
12. Bc2 Bxf3 13. Nxf3 Qxd1 14. Bxd1 Rae8) 12. Ne4 {[#]} Nd7 $146 ({Predecessor:
} 12... Be7 13. Ng3 Bxf3 14. Qxf3 f5 15. a4 a5 16. d4 f4 17. Nh5 g6 18. dxe5
gxh5 19. Qxh5 {0-1 (39) Matlakov,M (2716)-Aronian,L (2758) Khanty-Mansiysk 2019
}) 13. Bd5 Bb6 14. Ng3 Bxf3 15. Qxf3 f5 {White should prevent ...e4!} 16. d4 (
16. Nxf5 $2 g6 $19) 16... f4 17. Ne4 exd4 {Threatens to win with ...Nde5.} 18.
Bxc6 (18. Bxf4 $2 Nde5 $17) 18... bxc6 19. Bxf4 dxc3 20. bxc3 ({Don't blunder} 
20. Nxc3 $2 g5 $19) 20... Ne5 21. Qg3 $1 Nd3 22. Rad1 $40 {[%mdl 128] White
has some attack.} Nxe1 $4 {[%mdl 8192] Black is on the road to losing.} (22...
Rxf4 $14 23. Qxd3 (23. Rxd3 Qf8 $11) 23... Qxd3 24. Rxd3 Raf8) 23. Rxd8 $18
Raxd8 {[#]} 24. Be5 $1 {[%csl Ge5][%cal Rg3g7][%mdl 512]} Rd7 25. Kh2 Nd3 {[#]}
26. Bxg7+ $1 {[%mdl 512]} Rxg7 27. Qxd3 c5 28. c4 c6 29. g3 Bc7 30. h4 Be5 31.
f4 Bd4 32. Ng5 Re7 33. Qf3 h6 34. Qh5 Kg7 35. Nf3 Rf6 36. Kh3 Rg6 (36... Kf8
$142 37. Nxd4 cxd4) 37. f5 Rf6 38. g4 Re3 39. g5 hxg5 40. hxg5 Rxf5 41. Qh6+ {
[%mdl 64] Double Attack} Kf7 42. Qh7+ {[%mdl 64] Double Attack} Ke6 43. Qg6+
Rf6 44. gxf6 Rxf3+ {[%mdl 4096] Endgame KQ-KRB} 45. Kg4 Rf2 $2 {[#]} (45...
Rxf6 {was worth a try.} 46. Qe8+ Kd6) 46. Qh7 $1 {[%csl Gf6][%cal Rh7e7]} Rg2+
$2 (46... Kxf6 47. Qxa7 Rg2+ 48. Kf3 Rf2+ 49. Ke4 Ke6) 47. Kh3 {And now Qe7+
would win.} Rxa2 48. Qe7+ Kf5 49. f7 Ra3+ 50. Kg2 Ra2+ 51. Kf1 (51. Kf3 $142
Ra3+ 52. Ke2 Ra2+ 53. Kd3) 51... Bg7 52. f8=Q+ {White mates.} Bxf8 53. Qxf8+ {
KQ-KR} Ke4 54. Qxc5 Ra6 55. Qd6 Kf3 56. Qd3+ Kf4 57. Qd4+ Kf3 58. c5 Ra3 59.
Qf6+ {Weighted Error Value: White=0.10/Black=0.35} 1-0

[Event "Skilling Open CCT KO 2021"]
[Site "Online"]
[Date "2020.11.25"]
[Round "1.2"]
[White "Radjabov, Teimour"]
[Black "So, Wesley"]
[Result "1/2-1/2"]
[WhiteElo "2758"]
[BlackElo "2741"]
[Annotator "TA"]
[PlyCount "79"]
[EventDate "2020.11.20"]
[EventType "k.o."]
[EventCountry "NET"]
[SourceTitle "playchess.com"]
[Source "ChessBase"]
[SourceQuality "1"]

{[%evp 11,79,25,31,31,33,-14,35,35,35,26,31,30,42,46,42,25,35,21,27,29,39,31,
37,37,35,11,10,10,16,13,12,8,13,4,6,6,6,4,7,0,8,6,9,8,8,8,50,50,50,50,66,56,73,
50,50,50,50,42,50,42,50,50,50,50,50,0,50,0,50,0]} 1. Nf3 d5 2. d4 Nf6 3. c4 e6
4. Nc3 c5 5. cxd5 cxd4 6. Qxd4 exd5 7. e4 {D41: Queen's Gambit Declined:
Semi-Tarrasch with 5 cxd5.} dxe4 8. Qxd8+ Kxd8 9. Ng5 Be6 10. Nxe6+ fxe6 11.
Bg5 h6 $5 {[%mdl 4] A promising side line.} 12. O-O-O+ {[%mdl 1024] White has
compensation.} Ke7 $1 {[#]} 13. Be3 $146 ({Predecessor:} 13. Bh4 Kf7 14. Rd8 g5
15. Bg3 Bg7 16. Rxh8 Bxh8 17. Bb5 a6 18. Ba4 b5 19. Bc2 {1/2-1/2 (40)
Wojtaszek,R (2719)-Edouard,R (2649) Biel 2020}) 13... Nc6 14. g3 Rc8 15. Kb1
Ng4 16. Re1 Kf7 17. Nxe4 Bb4 18. Re2 (18. Bh3 $5 {[%cal Rh3g4]} Nf6 19. Nc5
Bxe1 20. Bxe6+ Kg6 21. Bxc8 (21. Rxe1 Rce8 $11) 21... Bxf2 22. Bxf2 Rxc8 23.
Nxb7 $14) 18... Nxe3 19. Rxe3 Nd4 20. a3 Be7 21. Bg2 Rhd8 22. Rd1 (22. Rhe1 {
is interesting.} b6 23. Rd3 Nf5 24. Rf3 h5 25. h3) 22... Nf5 23. Red3 Rxd3 24.
Rxd3 Rd8 25. Kc2 (25. Rxd8 {feels hotter.} Bxd8 26. Kc2 Ke7 27. b4 b6 28. Kd3)
25... Ke8 26. Rxd8+ Kxd8 $11 {[%mdl 4096] Endgame KBN-KBN} 27. Kd3 b6 28. Bh3 (
28. Kc4 {looks sharper.} a6 29. Bf3 Kc7 30. b4 g5 31. Kd3) 28... Nd6 (28... Kd7
{with more complications.} 29. f4 Nd6 30. Nd2 Bf6 31. b3 Ke7) 29. Bxe6 Nxe4 30.
Kxe4 $14 {KB-KB} a5 31. a4 Bc5 32. f3 Ke7 33. Bc4 Kf6 34. b3 g5 35. h3 Bf2 36.
g4 Bg1 37. Be2 Bf2 38. Bc4 Bg1 39. Be2 Bf2 40. Bc4 {Weighted Error Value:
White=0.08/Black=0.04} 1/2-1/2

[Event "Skilling Open CCT KO 2021"]
[Site "Online"]
[Date "2020.11.25"]
[Round "1.2"]
[White "Giri, Anish"]
[Black "Carlsen, Magnus"]
[Result "1/2-1/2"]
[WhiteElo "2731"]
[BlackElo "2881"]
[Annotator "TA"]
[PlyCount "92"]
[EventDate "2020.11.20"]
[EventType "k.o."]
[EventCountry "NET"]
[SourceTitle "playchess.com"]
[Source "ChessBase"]
[SourceQuality "1"]

{[%evp 9,92,26,29,18,36,28,50,12,14,16,12,0,16,0,20,12,23,0,0,0,0,0,0,0,0,0,0,
0,7,0,0,0,0,0,0,0,0,0,8,0,32,36,24,12,10,11,17,0,0,0,0,0,0,0,44,44,44,44,44,45,
45,21,25,18,25,25,32,32,32,25,25,25,32,25,25,25,25,25,25,0,25,0,25,0,25]} 1. e4
c5 2. Nf3 Nc6 3. Bb5 g6 4. Bxc6 (4. O-O Bg7 5. Bxc6 bxc6 6. Re1 Qc7 7. h3 d6 8.
c3 Nf6 9. d4 cxd4 10. cxd4 O-O 11. Nc3 Bb7 12. e5 dxe5 13. dxe5 Rfd8 14. Qc2 {
0-1 (55) Giri,A (2776)-Carlsen,M (2870) Kolkata 2019}) 4... dxc6 5. d3 Qc7 6.
O-O {B31: Sicilian: 2...Nc6 3 Bb5 g6.} e5 7. a4 {[#]} Nf6 $146 ({Predecessor:} 
7... f6 8. a5 Nh6 9. Nc3 Nf7 10. Be3 Rb8 11. Nd2 g5 12. Nc4 Be7 13. Qe2 O-O {
0-1 (46) Milliet,S (2394)-Ponomariov,R (2648) Salamanca 2019}) 8. a5 {White is
slightly better.} Nh5 9. Nc3 Be7 10. Be3 O-O 11. Nd2 Rb8 12. Ne2 Nf4 13. Nc4
Be6 14. b3 b5 15. axb6 axb6 16. Qd2 {[%cal Re2f4]} Nxe2+ 17. Qxe2 b5 18. Nd2
Ra8 19. f3 Ra5 20. Qf2 Rfa8 21. Rac1 Qd6 22. f4 exf4 $1 23. Bxf4 Qd4 24. Be3
Qc3 25. Nf3 {[#] Bd2 is the strong threat.} Ra1 26. Ng5 Rxc1 27. Bxc1 Rf8 28.
Qh4 {[%csl Gg5][%cal Rh4h7]} Qg7 29. Qg3 Qc3 30. Qc7 Qd4+ 31. Kh1 Qd6 (31...
Qd7 {looks sharper.} 32. Qe5 Qd4 33. Qg3 Qc3 34. Qh4 h5) 32. Qxd6 Bxd6 33. Nxe6
fxe6 {[%cal Rf8f1] [#]} 34. Rxf8+ Kxf8 $14 {[%mdl 4096] Endgame KB-KB} 35. c4
Kg7 36. Bg5 h6 37. Be3 g5 38. h3 Kg6 39. Kg1 e5 40. Kf2 b4 41. Kf3 h5 42. g4 h4
43. Bf2 Kf6 44. Be3 Kg6 45. Bf2 Kf6 46. Be3 Kg6 {Weighted Error Value: White=0.
07/Black=0.04} 1/2-1/2

[Event "Skilling Open CCT KO 2021"]
[Site "Online"]
[Date "2020.11.25"]
[Round "1.3"]
[White "Carlsen, Magnus"]
[Black "Giri, Anish"]
[Result "1/2-1/2"]
[WhiteElo "2881"]
[BlackElo "2731"]
[Annotator "TA"]
[PlyCount "100"]
[EventDate "2020.11.20"]
[EventType "k.o."]
[EventCountry "NET"]
[SourceTitle "playchess.com"]
[Source "ChessBase"]
[SourceQuality "1"]

{[%evp 9,100,9,23,0,2,10,9,-52,-48,-37,-53,-70,-72,-49,0,12,91,4,24,0,45,-45,
-61,-55,-44,-62,-66,-60,0,0,0,0,0,-102,-100,-113,-113,-95,-116,-97,-110,-74,
-87,-452,-445,-399,-54,-56,-68,-58,-12,-17,-14,-13,-11,-14,-14,-14,-10,-17,-12,
-24,-24,-23,-23,-18,-18,-25,-25,-36,-43,-45,-8,-8,0,-8,-8,-8,-8,-8,0,-8,-8,-8,
0,-8,-8,-8,0,-8,0,-43,0]} 1. d4 Nf6 2. c4 e6 3. Nf3 d5 4. Nc3 Bb4 5. cxd5 exd5
6. Bf4 {D38: Queen's Gambit Declined: Ragozin Defence (4 Nf3 Bb4).} Ne4 7. Rc1
Nc6 8. e3 (8. Nd2 $11) (8. Nd2 g5 9. Be3 Nxc3 10. bxc3 Ba3 11. Rb1 f5 12. g3
Bd6 13. Rg1 O-O 14. h4 f4 15. gxf4 g4 16. Rb5 Ne7 17. f5 h5 {0-1 (33) Carlsen,
M (2863)-Giri,A (2764) chess24.com INT 2020}) 8... g5 $15 9. Bg3 h5 {White
must now prevent ...h4.} 10. h4 Nxg3 11. fxg3 {[#]} gxh4 $146 (11... g4 $15 12.
Ng1 Bd6) ({Predecessor:} 11... g4 12. Nd2 Bd6 13. Ne2 Ne7 14. Nf4 c6 15. Bd3
Bf5 16. Qc2 Qd7 17. O-O Bxd3 18. Qxd3 {1-0 (36) Martirosyan,H (2613)-Ganguly,S
(2636) chess.com INT 2020}) 12. Bb5 $11 Qd6 {[#]} (12... hxg3 $11 13. Ne5 Bd7
14. Rxh5 Qf6 15. Rxh8+ Qxh8 16. Nxd7 Qh1+ 17. Bf1 Kxd7) 13. gxh4 ({White
should play} 13. O-O $1 $16) 13... Qg3+ 14. Kf1 $1 Rg8 (14... Bxc3 $5 15. Rxc3
Bd7 $11) 15. Rg1 ({Better is} 15. Qe2 $14 a6 16. Ba4 Bxc3 17. Rxc3) 15... Bxc3
$15 16. Rxc3 Bd7 17. Rc5 a6 $36 {[%mdl 2048] Black fights for an advantage.}
18. Ba4 Qd6 ({Black should try} 18... O-O-O $15) 19. Bxc6 $11 Bxc6 20. Ne5 $1
Bb5+ 21. Ke1 (21. Kf2 $1 $11 {was the only way to keep the balance.}) 21...
O-O-O $17 22. Kd2 Rde8 {Strongly threatening ...Rxe5.} 23. Qxh5 f6 24. Nf3 Qg3
25. Qf5+ {[%mdl 64] Double Attack} (25. Qxd5 $2 Qf2+ 26. Kd1 Be2+ 27. Kc1 Bxf3
$19) 25... Kb8 {Hoping for ...Qf2+.} 26. Qf4 $2 {[%mdl 8192] [#]} (26. Rc2 $17)
26... Qf2+ $1 $19 27. Kc1 Qxe3+ $2 (27... Be2 $19 {Threatens to win with ...
Bxf3.} 28. Rc2 (28. Rxc7 $2 Ka8 $19) (28. Qxc7+ $2 Ka7 $19) 28... Rxg2) 28.
Qxe3 $15 Rxe3 29. Re1 Rxe1+ (29... Re4 {feels hotter.} 30. Rc2 Bd7 31. Rf2 Reg4
32. Re7 Bf5) 30. Nxe1 {[%mdl 4096] Endgame KRB-KRN} Rg4 31. Rxd5 Rxh4 32. Rf5
Rxd4 33. Rxf6 Rg4 34. Rf2 Bc6 35. Nf3 Bd5 36. a3 b5 37. Kd2 Kb7 38. Ne5 Rxg2
39. Rxg2 Bxg2 $11 {KB-KN} 40. b4 {[#]} a5 $1 {[%mdl 512]} 41. Kc3 (41. bxa5 Ka6
) 41... axb4+ 42. axb4 Kb6 43. Kd4 Bh3 44. Nd3 Kc6 45. Ke5 Bg4 (45... Bf1 $5 {
[%cal Rf1d3]} 46. Nc5 Bc4 $15) 46. Nc5 Bh3 47. Nb3 Kb6 48. Nc5 $1 Kc6 49. Nb3
Kb6 50. Nc5 Kc6 {Weighted Error Value: White=0.25/Black=0.19} 1/2-1/2

[Event "Skilling Open CCT KO 2021"]
[Site "Online"]
[Date "2020.11.25"]
[Round "1.3"]
[White "Aronian, Levon"]
[Black "Nepomniachtchi, Ian"]
[Result "1-0"]
[WhiteElo "2778"]
[BlackElo "2778"]
[Annotator "TA"]
[PlyCount "171"]
[EventDate "2020.11.20"]
[EventType "k.o."]
[EventCountry "NET"]
[SourceTitle "playchess.com"]
[Source "ChessBase"]
[SourceQuality "1"]

{[%evp 9,171,0,4,0,0,-2,-2,-28,-19,-42,0,-5,19,19,21,16,30,26,40,22,15,22,18,
16,16,8,0,0,0,0,19,16,15,8,7,0,0,0,9,19,52,48,50,53,57,66,52,50,71,50,60,53,56,
19,36,15,23,24,32,3,0,0,65,65,65,65,66,65,65,65,67,0,70,0,11,8,8,13,663,797,
784,813,734,697,565,546,29937,29943,29944,29947,29948,12848,29949,29948,29955,
29958,29957,29958,29958,29960,29960,29959,29959,29958,29958,29957,29955,29956,
29957,29959,29959,29960,29958,29962,29962,29964,29963,29962,29963,29961,29963,
29963,29961,29960,29958,29956,29957,29957,29957,29960,29959,29960,29960,29960,
29961,29961,29960,29961,29960,29960,29957,29960,29960,29961,29969,29971,29972,
29973,29974,29975,29975,29972,29965,29971,29970,29948,5458,6629,29972,29973,
29968,29964,29980,29981]} 1. d4 Nf6 2. Nf3 g6 3. Nc3 d5 4. Bf4 Bg7 5. e3 O-O 6.
Nb5 {D00: 1 d4 d5: Unusual lines.} Na6 {[%cal Bb8a6,Ba6c7,Bc7e8][%mdl 32]} 7.
h3 Ne4 8. c3 {The position is equal.} c6 9. Na3 Nc7 10. Be2 Ne8 11. O-O N8d6
12. c4 dxc4 13. Nxc4 Be6 14. Rc1 Nxc4 15. Bxc4 Bxc4 16. Rxc4 Qd5 {[#]} 17. Qe2
$146 (17. Qc2 {with more complications.} Nd6 18. Ra4 a5 19. Rc1 Rfd8 20. Nd2) (
{Predecessor:} 17. b3 Rac8 18. Qc1 b5 19. Rc2 b4 20. Rc4 Nc3 21. Qc2 c5 22.
dxc5 Rxc5 23. Rxb4 {0-1 (43) Kojovic,D (2384)-Sarenac,I (2388) Valjevo 2018})
17... Nd6 18. Bxd6 exd6 19. b4 Rfe8 20. a4 a5 21. bxa5 Rxa5 22. Rb1 c5 23. Qc2
Qc6 24. Qb3 Rea8 {[%cal Ra5a4]} 25. dxc5 Rxc5 26. Rf4 Rc1+ 27. Rxc1 Qxc1+ 28.
Kh2 Qc7 29. g3 h6 30. h4 Ra5 31. Rb4 Qc3 32. Qb1 (32. Rxb7 $5 {[%cal Rb3f7]}
Qxb3 33. Rxb3 $14) 32... Rf5 33. Kg2 Qc6 34. e4 Ra5 $1 35. Rb6 Qc4 (35... Qxa4
$11 36. Rxd6 Qb5 37. Rd8+ Kh7 38. Qxb5 Rxb5) 36. Rxd6 $14 Rxa4 37. Rd8+ Kh7 38.
Qxb7 Ra1 {[#] ( -> ...Qf1+)} 39. Nh2 Re1 40. Re8 (40. Rd7 $14) 40... Re2 (40...
Bd4 $11 41. Qe7 h5) 41. h5 ({White should play} 41. Re7 $1 $14) 41... gxh5 {
Threatens to win with ...Bd4.} 42. Qd7 {[%cal Rd7f5]} Bd4 43. Ng4 {aiming for
Kh2.} hxg4 $4 {[%mdl 8192] Loses the game.} (43... Kg7 $11 44. Qf5 Qc6) 44.
Qf5+ $18 Kg7 45. Qxg4+ Kf6 {[#]} 46. e5+ $1 {[%mdl 576] Decoy} Rxe5 (46... Bxe5
47. Qxc4) 47. Qf4+ {[%mdl 64] Double Attack} Kg6 48. Rxe5 {[%mdl 4160] Endgame
Pin. KQR-KQB} Qc6+ 49. Qe4+ Qxe4+ 50. Rxe4 {KR-KB} Bb2 51. Rg4+ Kh7 52. Rf4 Kg6
53. g4 Bc1 54. Rf5 Bg5 55. Rb5 Bh4 56. f3 Bg5 57. Rb6+ Kg7 58. Kf2 Bd8 59. Rb5
Bg5 60. Ke2 Kg6 61. Kd3 {Cut Off at move 61} Bc1 62. Ke4 Kf6 63. Rc5 Bd2 64.
Rc2 Be1 65. Rc6+ Kg7 66. Kf5 Bg3 67. Ra6 Bh2 68. Ra7 Bg3 69. f4 Bf2 70. Rd7 Be1
71. Rc7 Ba5 72. Rc6 Bd8 73. Ke5 Be7 74. Rc7 Bd8 75. Rd7 Ba5 76. Rd5 Bc3+ 77.
Kd6 Bb4+ 78. Kd7 Kf8 79. Rd3 Be1 80. Rd6 Bg3 81. Rf6 Kg7 82. Rf5 Kf8 83. Kd6
Bh2 84. Ke5 {White mates.} Bg1 85. Rh5 Kg7 86. g5 {Weighted Error Value:
White=0.08/Black=0.40} 1-0